| 000 | 01012nam0a22002291 4500 | ||
|---|---|---|---|
| 001 | rc\4030335 | ||
| 005 | 20260407020815.0 | ||
| 035 | _a(NLR Aleph) 007953231 | ||
| 090 |
_a8352518 _c8352518 |
||
| 100 | _a20130415d1948 |||y0rusy50 ca | ||
| 101 | 0 | _arus | |
| 102 | _aRU | ||
| 105 | _aa z ||||| | ||
| 200 | 1 |
_aУнифицированные нормы времени на токарные работы _fЦентр. науч.-исслед. ин-т механизации и организации труда в нефт. пром. Цимтнефть. Нормативно-исслед. группа объединения "Краснодарнефть" |
|
| 210 |
_aКраснодар _cТип. изд-ва газ. "Колхозная Кубань" _d1948 |
||
| 215 |
_a20 с., 3 л. табл. _d20 |
||
| 710 | 0 | 2 |
_a"Краснодарнефть", об-ние _9508746 _3RU\NLR\AUTH\8810005676 |
| 801 | 0 |
_aRU _bNLR _gpsbo |
|
| 801 | 1 |
_aRU _bELAR _2rusmarc |
|
| 852 |
_aNLR _jТ36 Г-4/1068 |
||
| 942 | _cBOOK | ||
| 980 | _aNB | ||